[Event "POL-ch Blitz U18"]
[Site "Bydgoszcz"]
[Date "2023.08.31"]
[Round "2"]
[White "Sniedziewski, Emil"]
[Black "Halhoul, Kamil"]
[Result "1-0"]
[WhiteElo "1389"]
[BlackElo "1344"]
[PlyCount "65"]
[EventDate "2023.08.28"]
[EventType "swiss"]
[EventRounds "10"]
[EventCountry "POL"]
[SourceTitle "EXT 2024"]
[Source "ChessBase"]
[SourceDate "2023.10.10"]
[SourceVersion "1"]
[SourceVersionDate "2023.10.10"]
[SourceQuality "1"]

1. e4 c5 2. Nf3 d6 3. d4 cxd4 4. Nxd4 Nf6 5. Nc3 Nc6 6. g3 e5 7. Nde2 Be7 8. Bg2 0-0 9. 0-0 Be6 10. Nd5 a5 11. Nec3 Ne8 12. Be3 f5 13. Bb6 Qd7 14. Qd2 fxe4 15. Bxe4 Nf6 16. Bg2 Nb4 17. a3 Nbxd5 18. Nxd5 Kh8 19. Nxe7 Qxe7 20. Bxa5 d5 21. Bb4 Qc7 22. Bxf8 Rxf8 23. Rac1 e4 24. b3 b5 25. Qb4 Rb8 26. a4 bxa4 27. Qxa4 Nd7 28. Qd4 Nc5 29. b4 Na6 30. c3 Qc6 31. f3 exf3 32. Bxf3 Nc7 33. Rfe1 1-0

[Event "POL-ch U10"]
[Site "Sielpia"]
[Date "2023.03.06"]
[Round "4"]
[White "Halhoul, Kamil"]
[Black "Kopacki, Aleksander"]
[Result "0-1"]
[WhiteElo "1358"]
[BlackElo "1408"]
[PlyCount "93"]
[EventDate "2023.03.04"]
[EventType "swiss"]
[EventRounds "9"]
[EventCountry "POL"]
[SourceTitle "EXT 2024"]
[Source "ChessBase"]
[SourceDate "2023.10.10"]
[SourceVersion "1"]
[SourceVersionDate "2023.10.10"]
[SourceQuality "1"]
[WhiteTeam "Poland"]
[BlackTeam "Poland"]
[WhiteTeamCountry "POL"]
[BlackTeamCountry "POL"]

1. d4 d5 2. c4 dxc4 3. e3 e5 4. Bxc4 exd4 5. exd4 Bd6 6. Nf3 Nf6 7. 0-0 0-0 8. h3 h6 9. Qc2 Nc6 10. a3 Bd7 11. Nc3 a6 12. Bxh6 gxh6 13. Qg6+ Kh8 14. Bxf7 Qe7 15. Qxh6+ Nh7 16. Bg6 Qg7 17. Qh5 Ne7 18. Be4 Be8 19. Qxh7+ Qxh7 20. Bxh7 Kxh7 21. Ng5+ Kg6 22. Ne6 Rf6 23. Rfe1 Bf7 24. Nc5 Bxc5 25. dxc5 Nc6 26. Ne4 Re6 27. Ng3 Rxe1+ 28. Rxe1 Rd8 29. f4 Rd2 30. f5+ Kg7 31. Re2 Rxe2 32. Nxe2 Ne5 33. b4 Nc4 34. a4 Nb2 35. Nc3 Nd3 36. g4 Nxb4 37. Kg2 Nd3 38. Kg3 Nxc5 39. g5 c6 40. Kf4 b5 41. axb5 cxb5 42. Ke3 b4 43. Nd1 a5 44. h4 a4 45. Kd2 a3 46. Kc1 Na4 47. Kb1 0-1

[Event "POL-ch U10"]
[Site "Jastrzebia Gora"]
[Date "2021.??.??"]
[Round "1"]
[White "Halhoul, Kamil"]
[Black "Kosinski, Marcin"]
[Result "0-1"]
[WhiteElo "1162"]
[BlackElo "1012"]
[PlyCount "66"]
[EventDate "2021.02.28"]
[EventType "swiss"]
[EventRounds "9"]
[EventCountry "POL"]
[SourceTitle "EXT 2022"]
[Source "ChessBase"]
[SourceDate "2021.10.06"]
[SourceVersion "1"]
[SourceVersionDate "2021.10.06"]
[SourceQuality "1"]

1. c4 c5 2. e3 e5 3. Nc3 Nc6 4. g3 Nf6 5. Bg2 Qc7 6. Nge2 g6 7. 0-0 Bg7 8. Nb5 Qb8 9. d4 cxd4 10. exd4 exd4 11. Nexd4 0-0 12. Nxc6 dxc6 13. Bf4 Bg4 14. Bxb8 Bxd1 15. Raxd1 Raxb8 16. Nd4 Rbd8 17. b4 Rd7 18. Nb3 Rc7 19. Rd3 Ng4 20. f4 h6 21. Bh3 Nf6 22. Rfd1 Re7 23. Bf1 Ng4 24. h3 Ne3 25. Re1 Rfe8 26. Kf2 Ng4+ 27. hxg4 Rxe1 28. Rd8 Rxf1+ 29. Kxf1 Rxd8 30. Ke2 Bc3 31. b5 cxb5 32. cxb5 f6 33. g5 hxg5 0-1